Online
Catalog

En busca de la cubanidad / (Record no. 21907)

MARC details
000 -CABECERA
campo de control de longitud fija 00922nam a2200265 a 4500
001 - NÚMERO DE CONTROL
campo de control 000022409
005 - FECHA Y HORA DE LA ÚLTIMA TRANSACCIÓN
campo de control 20200930011722.0
008 - DATOS DE LONGITUD FIJA--INFORMACIÓN GENERAL
campo de control de longitud fija 101008s2006 dr 001 0 spa d
020 ## - NÚMERO INTERNACIONAL ESTÁNDAR DEL LIBRO
Número Internacional Estándar del Libro 959060871X
040 ## - FUENTE DE LA CATALOGACIÓN
Centro catalogador/agencia de origen DO-SdBNP
Lengua de catalogación spa
Centro/agencia transcriptor BNPHU
082 ## - NÚMERO DE LA CLASIFICACIÓN DECIMAL DEWEY
Número de clasificación 972.9105
Número de documento/Ítem C965e
049 ## - FONDOS LOCALES (OCLC)
Fondos de biblioteca BNPD
100 1# - ENTRADA PRINCIPAL--NOMBRE DE PERSONA
Nombre de persona Torres Cuevas, Eduardo,
Fechas asociadas al nombre 1942-
9 (RLIN) 46205
245 10 - MENCIÓN DE TÍTULO
Título En busca de la cubanidad /
Mención de responsabilidad, etc. Eduardo Torres Cuevas.
260 ## - PUBLICACIÓN, DISTRIBUCIÓN, ETC.
Lugar de publicación, distribución, etc. La Habana, :
Nombre del editor, distribuidor, etc. Ciencias Sociales,
Fecha de publicación, distribución, etc. 2006.
300 ## - DESCRIPCIÓN FÍSICA
Extensión 2 v. ;
Dimensiones 23 cm.
500 ## - NOTA GENERAL
Nota general Incluye datos biográficos del autor en la contracubierta.
504 ## - NOTA DE BIBLIOGRAFÍA, ETC.
Nota de bibliografía, etc. Incluye bibliografía y notas al pie de páginas.
590 ## - NOTA LOCAL (RLIN)
Nota local La biblioteca un ejemplar autografiado.
650 #4 - PUNTO DE ACCESO ADICIONAL DE MATERIA--TÉRMINO DE MATERIA
Término de materia o nombre geográfico como elemento de entrada Nacionalismo y cultura
9 (RLIN) 22911
651 #4 - PUNTO DE ACCESO ADICIONAL DE MATERIA--NOMBRE GEOGRÁFICO
Nombre geográfico Cuba
Subdivisión general Identidad Nacional
9 (RLIN) 46206
651 #4 - PUNTO DE ACCESO ADICIONAL DE MATERIA--NOMBRE GEOGRÁFICO
Nombre geográfico Cuba
Subdivisión general Características Nacionales
9 (RLIN) 44080
651 #4 - PUNTO DE ACCESO ADICIONAL DE MATERIA--NOMBRE GEOGRÁFICO
Nombre geográfico Cuba
Subdivisión general Civilización
9 (RLIN) 494
910 ## - DATOS DE OPCIÓN DEL USUARIO (OCLC)
Datos de opción del usuario Validado. Control de calidad EMS
Holdings
Estado de retiro Estado de pérdida No para préstamo Código de colección Localización permanente Ubicación/localización actual Ubicación en estantería Fecha de adquisición Número de inventario Total de préstamos Signatura topográfica completa Código de barras Fecha visto por última vez Precio válido a partir de Tipo de ítem Koha Nota pública
    Excluido de préstamo Patrimonio Dominicano General General Depósito 08.10.2010 LF1   972.9105 C965e | v. 1 22409-10 25.06.2020 25.06.2020 Libro y Folleto Colección Patrimonio Dominicano Dedicado por el autor a la BNPHU
    Excluido de préstamo Patrimonio Dominicano General General Depósito 24.02.2014 LF1   972.9105 C965e | v. 2 22409-20 25.06.2020 25.06.2020 Libro y Folleto Colección Patrimonio Dominicano Dedicado por el autor a la BNPHU

Powered by Koha